Państwa, które były kiedyś częścią Szwecji - Statystyki

Ogólne statystyki
  • Ten quiz został rozwiązany 466 razy
  • Średni wynik to 8 z 9
Statystyki odpowiedzi
Państwo % Poprawnych
Norwegia
99%
Polska
99%
Finlandia
98%
Dania
97%
Rosja
97%
Estonia
96%
Łotwa
95%
Niemcy
94%
Szwecja
71%
Nie znaleziono quizów pasujących do podanych kryteriów
Rozkład punktacji
Procent ludzi z każdym wynikiem
Percentyl według liczby udzielonych odpowiedzi
Twoja historia wyników
Nie rozwiązałeś tego quizu